La alteración de las circunstancias contractuales: un análisis jurisprudencial
Sparad:
| Huvudupphovsman: | |
|---|---|
| Materialtyp: | Bok |
| Språk: | spanska |
| Publicerad: |
Madrid
Civitas
2003
|
| Upplaga: | 1a. ed |
| Serie: | Monografías
|
| Ämnen: | |
| Taggar: |
Lägg till en tagg
Inga taggar, Lägg till första taggen!
|
MARC
| LEADER | 00000nam a2200000 a 4500 | ||
|---|---|---|---|
| 001 | UCL7563 | ||
| 003 | CL-VaPUC | ||
| 008 | 040528e20030000SP |||||||||||||||||spa|d | ||
| 020 | |a 8447019799 | ||
| 082 | 0 | 4 | |a 346.02 |b MAR |2 21 |
| 100 | |a Martínez Velencoso, Luz María |e autora |9 485363 | ||
| 245 | 1 | 3 | |a La alteración de las circunstancias contractuales: un análisis jurisprudencial |
| 250 | |a 1a. ed | ||
| 300 | |a 417 p | ||
| 942 | |c BK | ||
| 945 | |d 20040528 00:00:00 |a cmena | ||
| 260 | |a Madrid |b Civitas |c 2003 | ||
| 650 | 0 | |a Contratos |9 255153 | |
| 650 | 0 | |a Responsabilidad contractual |9 256720 | |
| 650 | 0 | |a Incumplimiento de los contratos |9 385193 | |
| 650 | 7 | |a DAÑOS Y PERJUICIOS |2 CL-VaPUC |9 485364 | |
| 650 | 0 | |a Jurisprudencia |9 255952 | |
| 583 | |a last modification |c 20040528 00:00:00 |k Rodrigo Vera | ||
| 490 | 0 | |a Monografías | |
| 999 | |c 309215 |d 309213 | ||
| 952 | |0 0 |1 0 |4 0 |6 346_020000000000000_MAR_2003 |7 0 |8 A |9 376581 |a BIBDER |b BIBDER |d 2019-11-21 |i 4017714 |l 2 |o 346.02 MAR 2003 |p 4017714 |r 2023-01-25 |s 2021-10-16 |w 2019-11-21 |y BK |k DER | ||